[Event "Bydgoszcz op-A"]
[Site "Bydgoszcz"]
[Date "2001.04.27"]
[Round "1"]
[White "Zhigalko, Sergei"]
[Black "Gritsak, Orest"]
[Result "0-1"]
[WhiteElo "2174"]
[BlackElo "2497"]
[PlyCount "50"]
[EventDate "2001.04.27"]
[EventType "swiss"]
[EventRounds "9"]
[EventCountry "POL"]
[SourceTitle "CBM 082 Extra"]
[Source "ChessBase"]
[SourceDate "2001.07.03"]
[SourceVersion "1"]
[SourceVersionDate "2001.07.03"]
[SourceQuality "1"]

1. e4 c5 2. Nc3 e6 3. g3 Nc6 4. Bg2 g6 5. f4 d6 6. d3 Bg7 7. Nf3 Nge7 8. O-O O-O 9. Be3 b6 10. d4 d5 11. exd5 exd5 12. Bf2 Rb8 13. Qd2 Nf5 14. dxc5 d4 15. Ne4 bxc5 16. Nxc5 Ne3 17. Rfb1 Nxg2 18. Kxg2 Bg4 19. Qd1 Qd5 20. Nd3 Qh5 21. Bg1 Nb4 22. Nxb4 Rxb4 23. Qd3 Rc8 24. Nh4 Qd5+ 25. Kf2 Qc5 0-1

[Event "Bydgoszcz op-A"]
[Site "Bydgoszcz"]
[Date "2001.04.28"]
[Round "2"]
[White "Lagowski, Patryk"]
[Black "Zhigalko, Sergei"]
[Result "1/2-1/2"]
[WhiteElo "2328"]
[BlackElo "2174"]
[PlyCount "114"]
[EventDate "2001.04.27"]
[EventType "swiss"]
[EventRounds "9"]
[EventCountry "POL"]
[SourceTitle "CBM 082 Extra"]
[Source "ChessBase"]
[SourceDate "2001.07.03"]
[SourceVersion "1"]
[SourceVersionDate "2001.07.03"]
[SourceQuality "1"]

1. d4 d5 2. c4 e6 3. Nc3 c6 4. Nf3 dxc4 5. g3 b5 6. Bg2 Bb7 7. O-O a6 8. a4 Nd7 9. Ne5 Nxe5 10. dxe5 Qc7 11. axb5 cxb5 12. Nxb5 axb5 13. Rxa8+ Bxa8 14. Bxa8 Bc5 15. b3 Ne7 16. bxc4 O-O 17. Be4 bxc4 18. Qc2 Ng6 19. Bb2 Rd8 20. e3 Bb4 21. Bd4 Nf8 22. Rb1 Rb8 23. Qa4 Be7 24. Rxb8 Qxb8 25. Qxc4 Nd7 26. Qc3 g6 27. Kg2 Kg7 28. h4 h5 29. Qc6 Nf8 30. Bb6 Kg8 31. Bc7 Qc8 32. Bd6 Qxc6 33. Bxc6 Bd8 34. Kf3 Kg7 35. Ke4 Ba5 36. Kf3 Be1 37. Kg2 Bc3 38. f3 Be1 39. Kh3 Bf2 40. Bc5 Nh7 41. Bd4 Be1 42. g4 Bf2 43. f4 Kh6 44. Be8 Kg7 45. Bb5 Nf8 46. Bc6 Kh7 47. Be8 Kg8 48. Bc6 Kh7 49. Be4 Kh6 50. Bc6 Kh7 51. Bc5 Kg7 52. Be4 Nd7 53. Bd4 Nf8 54. gxh5 gxh5 55. f5 Kg8 56. f6 Ng6 57. Kg2 Be1 1/2-1/2

[Event "Bydgoszcz op-A"]
[Site "Bydgoszcz"]
[Date "2001.04.29"]
[Round "3"]
[White "Zhigalko, Sergei"]
[Black "Libov, Gennady"]
[Result "1/2-1/2"]
[WhiteElo "2174"]
[BlackElo "2313"]
[PlyCount "54"]
[EventDate "2001.04.27"]
[EventType "swiss"]
[EventRounds "9"]
[EventCountry "POL"]
[SourceTitle "CBM 082 Extra"]
[Source "ChessBase"]
[SourceDate "2001.07.03"]
[SourceVersion "1"]
[SourceVersionDate "2001.07.03"]
[SourceQuality "1"]

1. d4 f5 2. e3 Nf6 3. f4 e6 4. Nf3 b6 5. Bd3 Bb7 6. O-O Be7 7. b3 O-O 8. Bb2 Qe8 9. Qe2 Nc6 10. a3 Nd8 11. Nc3 Nf7 12. Nb5 Bd8 13. c4 Be4 14. Rac1 Nd6 15. Nc3 Bxd3 16. Qxd3 Nde4 17. Nd2 Nxd2 18. Qxd2 d5 19. Qe2 c6 20. a4 Be7 21. Nb1 Ne4 22. Nd2 Nxd2 23. Qxd2 a5 24. Rc2 Qd7 25. Qc1 Rfc8 26. Ba3 Bxa3 27. Qxa3 b5 1/2-1/2

[Event "Bydgoszcz op-A"]
[Site "Bydgoszcz"]
[Date "2001.04.30"]
[Round "4"]
[White "Robak, Zbigniew"]
[Black "Zhigalko, Sergei"]
[Result "1/2-1/2"]
[WhiteElo "2273"]
[BlackElo "2174"]
[PlyCount "33"]
[EventDate "2001.04.27"]
[EventType "swiss"]
[EventRounds "9"]
[EventCountry "POL"]
[SourceTitle "CBM 082 Extra"]
[Source "ChessBase"]
[SourceDate "2001.07.03"]
[SourceVersion "1"]
[SourceVersionDate "2001.07.03"]
[SourceQuality "1"]

1. e4 c5 2. Nf3 Nc6 3. d4 cxd4 4. Nxd4 Nf6 5. Nc3 e5 6. Ndb5 d6 7. Bg5 a6 8. Bxf6 gxf6 9. Na3 b5 10. Nd5 f5 11. Bd3 Be6 12. c4 Qa5+ 13. Kf1 Bxd5 14. exd5 Nd4 15. cxb5 Bg7 16. Nc4 Qd8 17. b6 1/2-1/2

[Event "Bydgoszcz op-A"]
[Site "Bydgoszcz"]
[Date "2001.05.01"]
[Round "5"]
[White "Zhigalko, Sergei"]
[Black "Krainski, Jaroslaw"]
[Result "1-0"]
[WhiteElo "2174"]
[BlackElo "2073"]
[PlyCount "117"]
[EventDate "2001.04.27"]
[EventType "swiss"]
[EventRounds "9"]
[EventCountry "POL"]
[SourceTitle "CBM 082 Extra"]
[Source "ChessBase"]
[SourceDate "2001.07.03"]
[SourceVersion "1"]
[SourceVersionDate "2001.07.03"]
[SourceQuality "1"]

1. e4 Nf6 2. Nc3 d5 3. exd5 Nxd5 4. Bc4 e6 5. d4 Be7 6. Nf3 O-O 7. O-O b6 8. Ne4 Bb7 9. Qe2 Nd7 10. Rd1 N7f6 11. Bd3 Nb4 12. Nxf6+ Bxf6 13. Be4 Bxe4 14. Qxe4 Qd5 15. Qxd5 exd5 16. c3 Nc6 17. Bf4 Rac8 18. Re1 Rfd8 19. Kf1 Kf8 20. Ke2 Ne7 21. g4 h6 22. h4 Bxh4 23. Nxh4 g5 24. Be3 gxh4 25. Bxh6+ Kg8 26. Kd3 Ng6 27. f4 Kh7 28. Bg5 f6 29. Bxf6 Rf8 30. Bg5 Nxf4+ 31. Kc2 Ng6 32. Rh1 Rf2+ 33. Kb3 Rg2 34. Bxh4 Rxg4 35. Bf6+ Kg8 36. Rh5 Rf8 37. Be5 c6 38. Rah1 Rf2 39. R1h2 Rxh2 40. Bxh2 Re4 41. Be5 Nxe5 42. dxe5 Kg7 43. Rf5 c5 44. e6 Rxe6 45. Rxd5 Kf6 46. Rd7 Re7 47. Rxe7 Kxe7 48. Kc4 a6 49. Kd5 Kd7 50. c4 Kc7 51. a4 Kd7 52. a5 bxa5 53. Kxc5 Kc7 54. b3 Kb7 55. Kd6 Kb8 56. c5 Kc8 57. Kc6 a4 58. bxa4 a5 59. Kb6 1-0

[Event "Bydgoszcz op-A"]
[Site "Bydgoszcz"]
[Date "2001.05.03"]
[Round "6"]
[White "Barglowski, Filip"]
[Black "Zhigalko, Sergei"]
[Result "1/2-1/2"]
[WhiteElo "2158"]
[BlackElo "2174"]
[PlyCount "80"]
[EventDate "2001.04.27"]
[EventType "swiss"]
[EventRounds "9"]
[EventCountry "POL"]
[SourceTitle "CBM 082 Extra"]
[Source "ChessBase"]
[SourceDate "2001.07.03"]
[SourceVersion "1"]
[SourceVersionDate "2001.07.03"]
[SourceQuality "1"]

1. e4 c5 2. Nf3 Nc6 3. d4 cxd4 4. Nxd4 Nf6 5. Nc3 e5 6. Ndb5 d6 7. Bg5 a6 8. Na3 b5 9. Nd5 Be7 10. Bxf6 Bxf6 11. c3 O-O 12. Nc2 Bg5 13. a4 bxa4 14. Rxa4 a5 15. Be2 Be6 16. O-O Bxd5 17. Qxd5 Ne7 18. Qd3 Qb6 19. b4 axb4 20. Rxa8 Rxa8 21. cxb4 Rd8 22. Bf3 g6 23. Rd1 Rc8 24. g3 Qc7 25. Ne3 Qb6 26. Nf1 Nc6 27. Qxd6 Be7 28. Qd3 Rd8 29. Qc4 Nd4 30. Bg2 Qxb4 31. Qxb4 Bxb4 32. Ne3 Bc5 33. Bf1 Rb8 34. Kg2 Ne6 35. Nc4 Bd4 36. Rd2 Rb1 37. Na3 Rc1 38. Rc2 Ra1 39. Nb5 Bb6 40. Bc4 Nd4 1/2-1/2

[Event "Bydgoszcz op-A"]
[Site "Bydgoszcz"]
[Date "2001.05.04"]
[Round "7"]
[White "Zhigalko, Sergei"]
[Black "Sarwinski, Miroslaw"]
[Result "1-0"]
[WhiteElo "2174"]
[BlackElo "2374"]
[PlyCount "131"]
[EventDate "2001.04.27"]
[EventType "swiss"]
[EventRounds "9"]
[EventCountry "POL"]
[SourceTitle "CBM 082 Extra"]
[Source "ChessBase"]
[SourceDate "2001.07.03"]
[SourceVersion "1"]
[SourceVersionDate "2001.07.03"]
[SourceQuality "1"]

1. e4 c5 2. Nc3 Nc6 3. g3 g6 4. Bg2 Bg7 5. d3 e6 6. f4 d6 7. Nf3 Nge7 8. O-O b6 9. Be3 d5 10. Bf2 d4 11. Ne2 O-O 12. Qd2 Bb7 13. c4 f5 14. e5 Qd7 15. h4 Nd8 16. b4 Nec6 17. b5 Na5 18. Qb2 Nf7 19. Be1 Rfb8 20. Bxa5 bxa5 21. a4 Bf8 22. Qd2 Qc7 23. Ra2 Be7 24. Nc1 Nh6 25. Nh2 a6 26. Qc2 Nf7 27. Bxb7 Rxb7 28. Qg2 Rab8 29. Nb3 Bd8 30. Rb1 Ra7 31. Nd2 Be7 32. Rab2 Rab7 33. Kh1 Nd8 34. Ndf3 axb5 35. cxb5 c4 36. Rc2 c3 37. Nxd4 Qd7 38. Ne2 Qxd3 39. Nxc3 Rc7 40. Rd1 Qc4 41. Rdc1 Rd7 42. Qe2 Rc8 43. Qxc4 Rxc4 44. Nf3 Ba3 45. Rd2 Rxd2 46. Nxd2 Rxf4 47. gxf4 Bxc1 48. Nc4 Bxf4 49. Ne2 Bh6 50. Nxa5 Kf7 51. Nc4 Bf8 52. a5 Bc5 53. a6 Ke7 54. b6 Nc6 55. Nc3 Kd7 56. Nb5 Kc8 57. a7 Nxa7 58. bxa7 Kb7 59. Ncd6+ Ka8 60. Ne8 Bxa7 61. Nxa7 Kxa7 62. Nc7 Kb6 63. Nxe6 h6 64. h5 gxh5 65. Nf4 Kc6 66. Kh2 1-0

[Event "Bydgoszcz op-A"]
[Site "Bydgoszcz"]
[Date "2001.05.05"]
[Round "8"]
[White "Kuczynski, Robert"]
[Black "Zhigalko, Sergei"]
[Result "1/2-1/2"]
[WhiteElo "2509"]
[BlackElo "2174"]
[PlyCount "61"]
[EventDate "2001.04.27"]
[EventType "swiss"]
[EventRounds "9"]
[EventCountry "POL"]
[SourceTitle "CBM 082 Extra"]
[Source "ChessBase"]
[SourceDate "2001.07.03"]
[SourceVersion "1"]
[SourceVersionDate "2001.07.03"]
[SourceQuality "1"]

1. e4 c5 2. Nf3 Nc6 3. Bb5 g6 4. Bxc6 dxc6 5. d3 Bg7 6. h3 e5 7. Be3 b6 8. Nc3 h6 9. Nh2 Be6 10. Qe2 Ne7 11. O-O-O Qd7 12. h4 O-O-O 13. f4 exf4 14. Bxf4 Kb7 15. Qe1 Rhe8 16. Qd2 Ng8 17. e5 Bd5 18. Rde1 Re7 19. Re2 Rde8 20. Rhe1 f6 21. exf6 Bxf6 22. Rxe7 Rxe7 23. Rxe7 Qxe7 24. Nxd5 cxd5 25. Nf3 Bxh4 26. Bxh6 Bf6 27. Bf4 Qe6 28. Qe3 Qg4 29. g3 Ne7 30. Be5 Bxe5 31. Qxe5 1/2-1/2

[Event "Bydgoszcz op-A"]
[Site "Bydgoszcz"]
[Date "2001.05.06"]
[Round "9"]
[White "Zhigalko, Sergei"]
[Black "Szymanski, Marcin"]
[Result "0-1"]
[WhiteElo "2174"]
[BlackElo "2359"]
[PlyCount "96"]
[EventDate "2001.04.27"]
[EventType "swiss"]
[EventRounds "9"]
[EventCountry "POL"]
[SourceTitle "CBM 082 Extra"]
[Source "ChessBase"]
[SourceDate "2001.07.03"]
[SourceVersion "1"]
[SourceVersionDate "2001.07.03"]
[SourceQuality "1"]

1. e4 e6 2. d4 d5 3. e5 c5 4. c3 Qb6 5. Nf3 Nc6 6. a3 Bd7 7. b4 cxd4 8. cxd4 Rc8 9. Bb2 Na5 10. Nbd2 Nc4 11. Qb3 Nxb2 12. Qxb2 Bb5 13. Rc1 Rc6 14. Rxc6 Qxc6 15. Bxb5 Qxb5 16. Qc3 Be7 17. Nb3 Nh6 18. Nc5 O-O 19. Qd3 Qc6 20. O-O Rc8 21. h3 b6 22. Nb3 Qa4 23. Rc1 Rxc1+ 24. Nxc1 a5 25. Na2 axb4 26. Nxb4 Bxb4 27. axb4 Qxb4 28. Qa6 g6 29. Qc8+ Qf8 30. Qb7 Qd8 31. h4 Nf5 32. g3 h6 33. Kg2 Kg7 34. Kh3 Kf8 35. g4 Ng7 36. Qc6 Ne8 37. Qc1 Kg7 38. Qc6 Kf8 39. Qc1 Kg7 40. Qc6 Qb8 41. Nd2 Qc7 42. Qxe8 Qc3+ 43. f3 Qxd2 44. Qd8 Qxd4 45. Kg2 b5 46. Qb8 Qb2+ 47. Kf1 b4 48. Qd8 Qxe5 0-1

[Event "Polanica Zdroj op"]
[Site "Polanica Zdroj"]
[Date "2001.08.17"]
[Round "2"]
[White "Zhigalko, Sergei"]
[Black "Flasinski, Michal"]
[Result "1/2-1/2"]
[WhiteElo "2219"]
[BlackElo "2108"]
[PlyCount "40"]
[EventDate "2001.08.16"]
[EventType "swiss"]
[EventRounds "10"]
[EventCountry "POL"]
[SourceTitle "EXT 2002"]
[Source "ChessBase"]
[SourceDate "2001.11.25"]
[SourceVersion "1"]
[SourceVersionDate "2001.11.25"]
[SourceQuality "1"]

1. e4 c6 2. d4 d5 3. exd5 cxd5 4. Bd3 Nc6 5. c3 Nf6 6. Bf4 g6 7. h3 Bg7 8. Nf3 O-O 9. O-O Bf5 10. Bxf5 gxf5 11. Ne1 b5 12. Nd3 Qb6 13. Re1 b4 14. Nd2 Ne4 15. Nxe4 dxe4 16. Nc5 Rad8 17. Na4 Qa5 18. Qb3 bxc3 19. bxc3 e5 20. Bg5 Rb8 {(...51)} 1/2-1/2

[Event "Polanica Zdroj op"]
[Site "Polanica Zdroj"]
[Date "2001.08.18"]
[Round "3"]
[White "Luch, Michal"]
[Black "Zhigalko, Sergei"]
[Result "1/2-1/2"]
[WhiteElo "2115"]
[BlackElo "2219"]
[PlyCount "40"]
[EventDate "2001.08.16"]
[EventType "swiss"]
[EventRounds "10"]
[EventCountry "POL"]
[SourceTitle "EXT 2002"]
[Source "ChessBase"]
[SourceDate "2001.11.25"]
[SourceVersion "1"]
[SourceVersionDate "2001.11.25"]
[SourceQuality "1"]

1. e4 c5 2. Nf3 Nc6 3. d4 cxd4 4. Nxd4 Nf6 5. Nc3 e5 6. Ndb5 d6 7. Bg5 a6 8. Na3 b5 9. Nd5 Be7 10. Bxf6 Bxf6 11. c3 O-O 12. Nc2 Bg5 13. a4 bxa4 14. Rxa4 a5 15. Bc4 Rb8 16. b3 Kh8 17. O-O g6 18. Qe2 f5 19. exf5 gxf5 20. f4 Bf6 {(...48)} 1/2-1/2

[Event "Polanica Zdroj op"]
[Site "Polanica Zdroj"]
[Date "2001.08.19"]
[Round "4"]
[White "Cajbel, Maciej"]
[Black "Zhigalko, Sergei"]
[Result "0-1"]
[WhiteElo "2091"]
[BlackElo "2219"]
[PlyCount "40"]
[EventDate "2001.08.16"]
[EventType "swiss"]
[EventRounds "10"]
[EventCountry "POL"]
[SourceTitle "EXT 2002"]
[Source "ChessBase"]
[SourceDate "2001.11.25"]
[SourceVersion "1"]
[SourceVersionDate "2001.11.25"]
[SourceQuality "1"]

1. e4 c5 2. Nc3 e6 3. f4 d5 4. Nf3 Nc6 5. Bb5 Nge7 6. exd5 exd5 7. Qe2 g6 8. Qe5 Rg8 9. O-O Bg7 10. Qe2 h6 11. Ne5 Qd6 12. b3 Be6 13. Bxc6+ Nxc6 14. Qb5 O-O-O 15. Ba3 Bxe5 16. fxe5 Qxe5 17. Bxc5 Qg5 18. Be3 Qe7 19. d4 g5 20. Rae1 f5 {(...39)} 0-1

[Event "Polanica Zdroj op"]
[Site "Polanica Zdroj"]
[Date "2001.08.20"]
[Round "5"]
[White "Zhigalko, Sergei"]
[Black "Janocha, Wieslaw Adam"]
[Result "1-0"]
[WhiteElo "2219"]
[BlackElo "2315"]
[PlyCount "53"]
[EventDate "2001.08.16"]
[EventType "swiss"]
[EventRounds "10"]
[EventCountry "POL"]
[SourceTitle "EXT 2002"]
[Source "ChessBase"]
[SourceDate "2001.11.25"]
[SourceVersion "1"]
[SourceVersionDate "2001.11.25"]
[SourceQuality "1"]

1. e4 c5 2. c3 d5 3. exd5 Qxd5 4. d4 Nf6 5. Nf3 Bg4 6. dxc5 Qxd1+ 7. Kxd1 e5 8. b4 e4 9. h3 Bh5 10. g4 Nxg4 11. hxg4 Bxg4 12. Nbd2 exf3 13. Bd3 Nc6 14. Re1+ Be7 15. Be4 Rd8 16. Kc2 f5 17. Bxc6+ bxc6 18. Nc4 Kf8 19. Bf4 Bf6 20. Re6 Kf7 21. Rxc6 Rd7 22. b5 Rhd8 23. b6 g5 24. Bc7 f4 25. Bxd8 Bxd8 26. b7 Bf5+ 27. Kc1 1-0

[Event "Polanica Zdroj op"]
[Site "Polanica Zdroj"]
[Date "2001.08.21"]
[Round "6"]
[White "Zhigalko, Sergei"]
[Black "Szelag, Marcin"]
[Result "1/2-1/2"]
[WhiteElo "2219"]
[BlackElo "2404"]
[PlyCount "94"]
[EventDate "2001.08.16"]
[EventType "swiss"]
[EventRounds "10"]
[EventCountry "POL"]
[SourceTitle "EXT 2002"]
[Source "ChessBase"]
[SourceDate "2001.11.25"]
[SourceVersion "1"]
[SourceVersionDate "2001.11.25"]
[SourceQuality "1"]

1. e4 e6 2. d4 d5 3. e5 c5 4. c3 Qb6 5. Nf3 Nc6 6. a3 c4 7. h4 Na5 8. Nbd2 Bd7 9. h5 Ne7 10. g3 f6 11. h6 Ng6 12. Qe2 O-O-O 13. Bh3 fxe5 14. Nxe5 Nxe5 15. Qxe5 Rg8 16. O-O gxh6 17. Rb1 Rg6 18. Nf3 Nc6 19. Qh5 Be8 20. Bg4 Rf6 21. Qh4 Be7 22. Qh3 Bg6 23. Ra1 Kb8 24. Bf4+ Ka8 25. Ne5 Be4 26. f3 Bf5 27. Bxf5 Nxe5 28. Bxh7 Nd3 29. Bxd3 cxd3 30. Rf2 Rg8 31. Be5 Rfg6 32. Kh2 Bd6 33. f4 Bxe5 34. fxe5 Qd8 35. Rd1 Rxg3 36. Qxg3 Rxg3 37. Kxg3 Qg5+ 38. Kf3 h5 39. Rxd3 Qg4+ 40. Ke3 a5 41. Kd2 h4 42. Kc2 a4 43. Rh2 Qe4 44. Rhh3 Qe1 45. Rh2 Ka7 46. Rdh3 Qe4+ 47. Kc1 Qe1+ 1/2-1/2

[Event "Polanica Zdroj op"]
[Site "Polanica Zdroj"]
[Date "2001.08.24"]
[Round "9"]
[White "Pichugin, Alexandr"]
[Black "Zhigalko, Sergei"]
[Result "0-1"]
[WhiteElo "2416"]
[BlackElo "2219"]
[PlyCount "55"]
[EventDate "2001.08.16"]
[EventType "swiss"]
[EventRounds "10"]
[EventCountry "POL"]
[SourceTitle "EXT 2002"]
[Source "ChessBase"]
[SourceDate "2001.11.25"]
[SourceVersion "1"]
[SourceVersionDate "2001.11.25"]
[SourceQuality "1"]

1. d4 d5 2. c4 e6 3. Nf3 c6 4. Qc2 Nf6 5. e3 Bd6 6. Nc3 Nbd7 7. b3 O-O 8. Be2 b6 9. O-O Bb7 10. Bb2 Rc8 11. e4 dxe4 12. Nxe4 Nxe4 13. Qxe4 Nf6 14. Qh4 Qe7 15. Bd3 Ba3 16. Rab1 Bxb2 17. Bxh7+ Kh8 18. Bd3+ Kg8 19. Rxb2 g6 20. Qh6 Rfd8 21. Re1 c5 22. d5 Qf8 23. Qh4 Qg7 24. Ng5 Nh7 25. Qxh7+ Qxh7 26. Nxh7 Kxh7 27. Bf1 exd5 28. Re7 {(...51)} 0-1

[Event "Polanica Zdroj op"]
[Site "Polanica Zdroj"]
[Date "2001.08.25"]
[Round "10"]
[White "Zhigalko, Sergei"]
[Black "Schmidt, Wlodzimierz"]
[Result "0-1"]
[WhiteElo "2219"]
[BlackElo "2438"]
[PlyCount "40"]
[EventDate "2001.08.16"]
[EventType "swiss"]
[EventRounds "10"]
[EventCountry "POL"]
[SourceTitle "EXT 2002"]
[Source "ChessBase"]
[SourceDate "2001.11.25"]
[SourceVersion "1"]
[SourceVersionDate "2001.11.25"]
[SourceQuality "1"]

1. e4 e6 2. d4 d5 3. e5 c5 4. c3 Qb6 5. Nf3 Nc6 6. a3 c4 7. Nbd2 Na5 8. g3 Bd7 9. h4 O-O-O 10. Bh3 f5 11. Rb1 Nh6 12. Nf1 Nf7 13. Be3 Be7 14. g4 fxg4 15. Bxg4 Rdf8 16. Ng3 Qd8 17. Nh5 Rhg8 18. Nf4 Qb6 19. Rg1 Nh6 20. Qc2 Nf5 {(...40)} 0-1

[Event "EU-ch U12"]
[Site "Chalkidiki"]
[Date "2001.09.04"]
[Round "5"]
[White "Zhigalko, Sergei"]
[Black "Howell, David"]
[Result "1/2-1/2"]
[WhiteElo "2219"]
[BlackElo "2170"]
[PlyCount "54"]
[EventDate "2001.08.31"]
[EventType "swiss"]
[EventRounds "9"]
[EventCountry "GRE"]
[SourceTitle "EXT 2002"]
[Source "ChessBase"]
[SourceDate "2001.11.25"]
[SourceVersion "1"]
[SourceVersionDate "2001.11.25"]
[SourceQuality "1"]

1. e4 e5 2. Nc3 Nf6 3. Bc4 Nc6 4. d3 Na5 5. Nge2 Bc5 6. O-O O-O 7. Bg5 h6 8. Bd2 Nxc4 9. dxc4 c6 10. Ng3 d5 11. exd5 cxd5 12. cxd5 Nxd5 13. Qe2 Nxc3 14. Bxc3 Re8 15. Rad1 Qe7 16. Kh1 b6 17. Rde1 Bd6 18. f4 a5 19. fxe5 Bb4 20. Qe3 Bxc3 21. Qxc3 Qb4 22. Qxb4 axb4 23. Rf4 Rxa2 24. Rxb4 Rxe5 25. Rd1 Rd5 26. Re1 Re5 27. Rd1 Rd5 1/2-1/2

[Event "Wch U14"]
[Site "Oropesa del Mar"]
[Date "2001.10.29"]
[Round "8"]
[White "Baramidze, David"]
[Black "Zhigalko, Sergei"]
[Result "1/2-1/2"]
[WhiteElo "2338"]
[BlackElo "2219"]
[PlyCount "85"]
[EventDate "2001.10.21"]
[EventType "swiss"]
[EventRounds "11"]
[EventCountry "ESP"]
[SourceTitle "EXT 2002"]
[Source "ChessBase"]
[SourceDate "2001.11.25"]
[SourceVersion "1"]
[SourceVersionDate "2001.11.25"]
[SourceQuality "1"]

1. e4 c5 2. Nf3 Nc6 3. Bb5 Qc7 4. O-O a6 5. Bxc6 dxc6 6. h3 e5 7. c3 Be6 8. Ng5 Bc4 9. d3 Rd8 10. Nd2 Bxd3 11. Re1 c4 12. Qh5 Nf6 13. Qh4 Be7 14. Qg3 Nh5 15. Qg4 Nf6 16. Qg3 Nh5 17. Qg4 Nf4 18. Kh2 h5 19. Qf5 Rf8 20. Nh7 Rh8 21. Nf3 g6 22. Nf6+ Kf8 23. Qxe5 Qxe5 24. Nxe5 Ne6 25. Ned7+ Kg7 26. e5 Nc5 27. Nxc5 Bxc5 28. Be3 Bxe3 29. Rxe3 Bf5 30. Re2 Rd3 31. Rae1 Rhd8 32. g4 hxg4 33. hxg4 Be6 34. Kg2 Bd5+ 35. Nxd5 R3xd5 36. e6 fxe6 37. Rxe6 Rf8 38. Re7+ Rf7 39. R1e2 a5 40. R7e4 b5 41. Re6 Rf6 42. Re7+ Rf7 43. R7e6 1/2-1/2

[Event "Wch U14"]
[Site "Oropesa del Mar"]
[Date "2001.11.01"]
[Round "10"]
[White "Quparadze, Giga"]
[Black "Zhigalko, Sergei"]
[Result "1/2-1/2"]
[WhiteElo "2111"]
[BlackElo "2219"]
[PlyCount "62"]
[EventDate "2001.10.21"]
[EventType "swiss"]
[EventRounds "11"]
[EventCountry "ESP"]
[SourceTitle "EXT 2002"]
[Source "ChessBase"]
[SourceDate "2001.11.25"]
[SourceVersion "1"]
[SourceVersionDate "2001.11.25"]
[SourceQuality "1"]

1. e4 c5 2. Nf3 Nc6 3. d3 g6 4. g3 Bg7 5. Bg2 d6 6. O-O Bg4 7. h3 Bxf3 8. Bxf3 e6 9. Bg2 Nge7 10. c3 O-O 11. Be3 Rc8 12. Nd2 Qd7 13. Nf3 b6 14. d4 Rfd8 15. d5 exd5 16. exd5 Ne5 17. Nxe5 dxe5 18. c4 Nf5 19. Qd2 Nd6 20. Rac1 a5 21. Kh2 f5 22. b3 Rf8 23. f4 e4 24. a4 Bf6 25. Rg1 Kh8 26. Bf1 Rg8 27. Be2 h6 28. Rcf1 Qe7 29. g4 Rcf8 30. g5 hxg5 31. fxg5 Bg7 1/2-1/2

[Event "Wch U14"]
[Site "Oropesa del Mar"]
[Date "2001.11.02"]
[Round "11"]
[White "Zhigalko, Sergei"]
[Black "Predojevic, Borki"]
[Result "1-0"]
[WhiteElo "2219"]
[BlackElo "2338"]
[PlyCount "112"]
[EventDate "2001.10.21"]
[EventType "swiss"]
[EventRounds "11"]
[EventCountry "ESP"]
[SourceTitle "EXT 2002"]
[Source "ChessBase"]
[SourceDate "2001.11.25"]
[SourceVersion "1"]
[SourceVersionDate "2001.11.25"]
[SourceQuality "1"]

1. e4 c5 2. c3 d5 3. exd5 Qxd5 4. d4 Nc6 5. Nf3 Bg4 6. dxc5 Qxd1+ 7. Kxd1 e5 8. b4 a5 9. Bb5 Nge7 10. Kc2 Bxf3 11. gxf3 axb4 12. cxb4 O-O-O 13. Bxc6 Nxc6 14. Bd2 b6 15. cxb6 Nxb4+ 16. Kb3 Rd3+ 17. Bc3 Kb7 18. f4 Be7 19. Rg1 Rc8 20. fxe5 Nd5 21. Rg3 Rd1 22. Bb2 Rc6 23. Na3 Rxb6+ 24. Kc2 Rxa1 25. Bxa1 Nb4+ 26. Kd2 Nxa2 27. Nc4 Rb1 28. Bb2 Kc6 29. Rxg7 Kd5 30. Kc2 Re1 31. Ne3+ Ke6 32. Kd2 Rb1 33. Nd1 Nb4 34. Rxh7 Nd3 35. Rh6+ Kf5 36. Kxd3 Rxd1+ 37. Ke2 Rd7 38. Rh5+ Kg4 39. Rh7 Bg5 40. Bc3 Rc7 41. Bd4 Kf5 42. Kf3 Rb7 43. h4 Rb3+ 44. Be3 Kg6 45. Rh8 Bxe3 46. fxe3 Rb4 47. Rg8+ Kf5 48. Rg5+ Ke6 49. Rg4 Rb1 50. Rf4 Rh1 51. Ke4 Rh3 52. Rf6+ Ke7 53. Rh6 Kf8 54. Kf4 Kg7 55. Rh5 Kg6 56. Rg5+ Kh6 1-0

[Event "BLR-ch"]
[Site "Minsk"]
[Date "2002.02.16"]
[Round "1"]
[White "Smirnov, Valerij"]
[Black "Zhigalko, Sergei"]
[Result "1/2-1/2"]
[WhiteElo "2411"]
[BlackElo "2316"]
[PlyCount "65"]
[EventDate "2002.02.??"]
[EventType "tourn"]
[EventRounds "11"]
[EventCountry "BLR"]
[SourceTitle "EXT 2004"]
[Source "ChessBase"]
[SourceDate "2003.11.25"]
[SourceVersion "1"]
[SourceVersionDate "2003.11.25"]
[SourceQuality "1"]

1. e4 c5 2. Nf3 Nc6 3. Nc3 e5 4. Bc4 d6 5. d3 Be7 6. Nd2 Nf6 7. Nf1 Nd7 8. a3 Nb6 9. Ba2 O-O 10. Ne3 Be6 11. O-O Bg5 12. Ncd5 Bxe3 13. Bxe3 Bxd5 14. exd5 Ne7 15. c4 Nf5 16. b4 Nd7 17. Bb3 Rc8 18. Qd2 Nxe3 19. fxe3 Qg5 20. Ra2 f5 21. d4 b6 22. bxc5 bxc5 23. Ba4 Nb6 24. Bb5 cxd4 25. exd4 Qxd2 26. Rxd2 Nxc4 27. Bxc4 Rxc4 28. dxe5 dxe5 29. d6 g6 30. Rd5 Rd4 31. Rxd4 exd4 32. Rd1 Rd8 33. Rxd4 1/2-1/2

[Event "BLR-ch"]
[Site "Minsk"]
[Date "2002.02.17"]
[Round "2"]
[White "Zhigalko, Sergei"]
[Black "Smetankin, Stanislav"]
[Result "1/2-1/2"]
[WhiteElo "2316"]
[BlackElo "2472"]
[PlyCount "117"]
[EventDate "2002.02.??"]
[EventType "tourn"]
[EventRounds "11"]
[EventCountry "BLR"]
[SourceTitle "EXT 2004"]
[Source "ChessBase"]
[SourceDate "2003.11.25"]
[SourceVersion "1"]
[SourceVersionDate "2003.11.25"]
[SourceQuality "1"]

1. e4 c5 2. c3 Nf6 3. e5 Nd5 4. Nf3 Nc6 5. Bc4 Nb6 6. Bb3 d5 7. exd6 Qxd6 8. d4 cxd4 9. cxd4 Be6 10. Nc3 Bxb3 11. Qxb3 e6 12. O-O Be7 13. Rd1 Nb4 14. Ne5 O-O 15. a3 Nc6 16. Nf3 Rfd8 17. Be3 Na5 18. Qb5 Nac4 19. Bg5 a6 20. Bxe7 Qxe7 21. Qb3 Qc7 22. Rac1 Na5 23. Qb4 Nc6 24. Qc5 Nd7 25. Qg5 h6 26. Qe3 Nf6 27. Ne5 Nxe5 28. Qxe5 Rac8 29. h3 Qd7 30. Rd3 Rc6 31. Rcd1 Rd6 32. Rg3 Kf8 33. Rgd3 Qe7 34. Rg3 R6d7 35. Rgd3 Qd6 36. Qa5 Kg8 37. R3d2 Qf4 38. Qb6 Ne4 39. Nxe4 Qxe4 40. Rd3 Rd6 41. Qc5 Rd5 42. Qb6 R8d7 43. Re3 Qc2 44. Qb3 Qxb3 45. Rxb3 e5 46. Kf1 h5 47. h4 exd4 48. Ke2 b5 49. Rf3 f5 50. Kd3 g6 51. Rc1 R5d6 52. Rf4 Kg7 53. g3 Re6 54. Rc2 Red6 55. Re2 Kf6 56. Rc2 g5 57. hxg5+ Kxg5 58. Rc5 Rf6 59. Re5 1/2-1/2